| 000 | 00597nam a2200181 a 4500 | ||
|---|---|---|---|
| 001 | 000040687 | ||
| 005 | 20201002034314.0 | ||
| 008 | 130905s1997 ck 001 0 spa d | ||
| 020 | _a9586004465 | ||
| 040 |
_aDO-SdBNP _bspa _cBNPHU |
||
| 082 |
_axxx _bxxx |
||
| 100 | 1 |
_aMéndez Álvarez, Carlos Eduardo _967058 |
|
| 245 | 1 | 0 |
_aMetodología : _bguía para elaborar diseños de investigación en ciencias económicas, contables y administrativas. |
| 250 | _a2a. ed. | ||
| 260 |
_aSantafé de Bogotá, : _bMcGraw-Hill, _c1997. |
||
| 300 |
_axiii, 170 p. ; _c23 cm. |
||
| 504 | _aBibliografía p: 168 | ||
| 999 |
_c40177 _d40177 |
||